书目信息 |
| 题名: |
陆游集(节选)
|
|
| 作者: | 陆游 著 ;欧明俊 解读 | |
| 分册: | ||
| 出版信息: | 北京 国家图书馆出版社 2022 |
|
| 页数: | 10,357页 | |
| 开本: | 24cm | |
| 丛书名: | 中华传统文化百部经典 | |
| 单 册: | ||
| 中图分类: | I214.422 | |
| 科图分类: | ||
| 主题词: | ||
| 电子资源: | ||
| ISBN: | 978-7-5013-7675-9 | |
| 000 | 00841nam0 2200277 450 | |
| 001 | 012433306 | |
| 005 | 20230808104343.0 | |
| 010 | @a978-7-5013-7675-9@b精装@dCNY70.00 | |
| 100 | @a20230727d2022 em y0chiy0120 ea | |
| 101 | 0 | @achi |
| 102 | @aCN@b110000 | |
| 105 | @ay z 000zd | |
| 106 | @ar | |
| 200 | 1 | @a陆游集(节选)@9lu you ji ( jie xuan )@f陆游著@g欧明俊解读 |
| 210 | @a北京@c国家图书馆出版社@d2022 | |
| 215 | @a10,357页@d24cm | |
| 225 | 1 | @a中华传统文化百部经典@f袁行霈主编 |
| 300 | @a2017年国家社会科学基金重大委托项目 “十三五”国家重点图书出版规划项目 | |
| 461 | 0 | @12001 @a中华传统文化百部经典 |
| 586 | @a | |
| 600 | 0 | @a陆游@f(1125-1210)@j全集 |
| 690 | @aI214.422@v5 | |
| 701 | 0 | @a陆游@9lu you@4著 |
| 702 | 0 | @a欧明俊@9ou ming jun@4解读 |
| 801 | 0 | @aCN@c20230819 |
| 905 | @dI214.422@eL868@f1@sI214.422/L868 | |
| 陆游集(节选)/陆游著/欧明俊解读.-北京:国家图书馆出版社,2022 |
| 10,357页;24cm.-(中华传统文化百部经典/袁行霈主编) |
| 2017年国家社会科学基金重大委托项目 “十三五”国家重点图书出版规划项目 |
| ISBN 978-7-5013-7675-9(精装):CNY70.00 |
| ● |
| 相关链接 |
|
|
|
正题名:陆游集(节选)
索取号:I214.422/L868
 
预约/预借
| 序号 | 登录号 | 条形码 | 馆藏地/架位号 | 状态 | 备注 |
| 1 | 21618514 | 216185143 | 文学库108/108文学库 12排10列5层/ [索取号:I214.422/L868] | 在馆 |